Entry Nombre personal
001 - NÚMERO DE CONTROL
- campo de control: 65031
003 - IDENTIFICADOR DE NÚMERO DE CONTROL
- campo de control: OSt
005 - FECHA Y HORA DE LA ÚLTIMA TRANSACCIÓN
- campo de control: 20251108164911.0
008 - ELEMENTOS DE DATO DE LONGITUD-FIJA
- campo de control de longitud fija: 041217 n acnnnaaan n ann d
040 ## - FUENTE DE CATALOGACIÓN
- Centro catalogador/agencia de origen: OSt
- Centro/agencia transcriptor: OSt
100 1# - ENCABEZAMIENTO-NOMBRE DE PERSONA
- Nombre de persona: Ibsen, Henrik,
- Fechas asociadas al nombre: 1828-1906
400 1# - TRAZADO DE VÉASE--NOMBRE DE PERSONA
- Nombre de persona: Ibsen, Enrik (
- Fechas asociadas al nombre: 1828-1906)
400 1# - TRAZADO DE VÉASE--NOMBRE DE PERSONA
- Nombre de persona: Ibsen, Enrique (
- Fechas asociadas al nombre: 1828-1906)
400 1# - TRAZADO DE VÉASE--NOMBRE DE PERSONA
- Nombre de persona: Ibsen, Genrik (
- Fechas asociadas al nombre: 1828-1906)
400 1# - TRAZADO DE VÉASE--NOMBRE DE PERSONA
- Nombre de persona: Ibsen, Henric (
- Fechas asociadas al nombre: 1828-1906)
400 1# - TRAZADO DE VÉASE--NOMBRE DE PERSONA
- Nombre de persona: Ibsens, Henriks (
- Fechas asociadas al nombre: 1828-1906)
